| 000 | 00458nam a22001697a 4500 | ||
|---|---|---|---|
| 005 | 20180411123834.0 | ||
| 008 | 160430b xxu||||| |||| 00| 0 eng d | ||
| 020 | _a81-7188323-0 | ||
| 041 | _aeng | ||
| 082 |
_b1079 _a338.954 |
||
| 100 |
_aVyas, V S _94256 |
||
| 245 | _aIndias Agrarian structure, economic policies and sustainable development | ||
| 260 |
_aNew Delhi _bAcademic Faundation _c2003 |
||
| 300 | _a397 | ||
| 650 |
_aManagement _9241 |
||
| 942 | _cBK | ||
| 999 |
_c399 _d399 |
||